PRINCIPILES OF HOSPITAL ADMINISTRATION & PLANNING (Record no. 33795)

MARC details
000 -LEADER
fixed length control field 00424nam a22001697a 4500
003 - CONTROL NUMBER IDENTIFIER
control field SGT
020 ## - INTERNATIONAL STANDARD BOOK NUMBER
International Standard Book Number 9788184486322
082 ## - DEWEY DECIMAL CLASSIFICATION NUMBER
Classification number 362.11
Item number P24S
100 ## - MAIN ENTRY--PERSONAL NAME
Personal name SAKHARKAR, BM
245 ## - TITLE STATEMENT
Title PRINCIPILES OF HOSPITAL ADMINISTRATION & PLANNING
250 ## - EDITION STATEMENT
Edition statement 2ND
260 ## - PUBLICATION, DISTRIBUTION, ETC. (IMPRINT)
Place of publication, distribution, etc INDIA
Name of publisher, distributor, etc JAYPEE PUB
Year of Publication 2024
300 ## - PAGE DESCRIPTION
No. of Pages 381
650 ## - SUBJECT ADDED ENTRY--TOPICAL TERM
Topical term or geographic name as entry element HOSPITAL ADMINISTRATION
653 ## - KEYWORDS--INDEX TERM
Keyword term HOSPITAL ADMINISTRATION & PLANNING
942 ## - ADDED ENTRY ELEMENTS (KOHA)
Source of classification or shelving scheme Dewey Decimal Classification
Koha item type Books
Holdings
Withdrawn status Lost status Source of classification or shelving scheme Damaged status Not for loan Collection code Home library Current library Shelving location Date acquired Vendor Name Cost, normal purchase price SGTU Bill Number Full call number Accession No. (Barcode) Date last seen Bill Date Koha item type Total Checkouts
    Dewey Decimal Classification   Not For Loan MEDICAL SGT Medical Library SGT Medical Library Text Book 29/11/2025 ABC DELHI 1395.00 SGTU 22053 362.11 P24S FM16198 30/01/2026 29/11/2025 Books  
    Dewey Decimal Classification     MEDICAL SGT Medical Library SGT Medical Library Text Book 29/11/2025 ABC DELHI 1395.00 SGTU 22053 362.11 P24S FM16199 30/01/2026 29/11/2025 Books  
    Dewey Decimal Classification     MEDICAL SGT Medical Library SGT Medical Library Text Book 29/11/2025 ABC DELHI 1395.00 SGTU 22053 362.11 P24S FM16200 30/01/2026 29/11/2025 Books